[Event "Austin AGCA IM"]
[Site "Austin"]
[Date "2024.01.11"]
[Round "1"]
[White "Iinuma, Paul Y"]
[Black "Metpally, Jason"]
[Result "1-0"]
[WhiteElo "2133"]
[BlackElo "2204"]
[PlyCount "91"]
[EventDate "2024.01.11"]
[EventType "tourn"]
[EventRounds "9"]
[EventCountry "USA"]
[SourceTitle "CB04_2024"]
[SourceDate "2023.10.16"]
[SourceVersion "1"]
[SourceVersionDate "2023.10.16"]
[SourceQuality "1"]

1. d4 e6 2. e4 d5 3. Nd2 Be7 4. Ngf3 c5 5. exd5 exd5 6. Bb5+ Bd7 7. Bxd7+ Nxd7 8. 0-0 Ngf6 9. dxc5 Nxc5 10. Nb3 Nce4 11. Nfd4 Qd7 12. f3 Nd6 13. Qd3 0-0 14. g4 Rac8 15. Bd2 Rfe8 16. Rae1 Nc4 17. Bc3 Bd6 18. Nf5 Ne5 19. Qd2 d4 20. Qxd4 Bb8 21. Qxd7 Nfxd7 22. Kg2 f6 23. h4 Nb6 24. Nbd4 Na4 25. Bb4 Rc4 26. Ba3 g6 27. b3 Rc3 28. Ne7+ Kf7 29. Nd5 Rd8 30. Nxc3 Nxc3 31. Bb2 Nxa2 32. Rd1 Nb4 33. g5 Nd5 34. Rfe1 f5 35. Kf2 Rc8 36. Ne2 Ne7 37. c4 N7c6 38. f4 Ng4+ 39. Kf3 Re8 40. Nd4 Rxe1 41. Rxe1 Nb4 42. Rd1 Bc7 43. Nxf5 Nh2+ 44. Kg3 Nf1+ 45. Rxf1 gxf5 46. Rd1 1-0

[Event "Las Vegas 1000 GM op"]
[Site "Las Vegas"]
[Date "2023.06.11"]
[Round "6"]
[White "Oberoi, Shelev"]
[Black "Iinuma, Paul Y"]
[Result "1-0"]
[WhiteElo "2229"]
[BlackElo "2056"]
[PlyCount "85"]
[EventDate "2023.06.08"]
[EventType "swiss"]
[EventRounds "9"]
[EventCountry "USA"]
[SourceTitle "CBM 214 Extra"]
[Source "ChessBase"]
[SourceDate "2023.07.31"]
[SourceVersion "1"]
[SourceVersionDate "2023.07.31"]
[SourceQuality "1"]

1. e4 c5 2. Nf3 d6 3. Bc4 Nf6 4. d3 Nc6 5. 0-0 e6 6. Re1 Be7 7. c3 0-0 8. Bb3 e5 9. Nbd2 h6 10. Nf1 Re8 11. Ng3 Bf8 12. h3 Be6 13. Nh2 d5 14. Qf3 c4 15. dxc4 dxc4 16. Bc2 g6 17. Ngf1 Bg7 18. g4 Nd7 19. b4 b5 20. a4 a6 21. Ng3 Qh4 22. Qg2 Kh7 23. Nf3 Qe7 24. Be3 Bf6 25. Rad1 Bg5 26. Nf5 Qf6 27. Nxh6 Bxe3 28. fxe3 Qe7 29. Nf5 Qf6 30. h4 Kg8 31. Ng5 Rad8 32. axb5 axb5 33. Rf1 Qh8 34. Nd6 Qxh4 35. Ndxf7 Bxg4 36. Rd6 Ne7 37. Bd1 Nf6 38. Nxd8 Qxg5 39. Rdxf6 Qxe3+ 40. Qf2 Qg5 41. Rf8+ Kh7 42. Nf7 Qh5 43. Rxe8 1-0

[Event "Las Vegas 1000 GM op"]
[Site "Las Vegas"]
[Date "2023.06.09"]
[Round "3"]
[White "Iinuma, Paul Y"]
[Black "Kavutskiy, Konstantin"]
[Result "0-1"]
[WhiteElo "2056"]
[BlackElo "2414"]
[PlyCount "92"]
[EventDate "2023.06.08"]
[EventType "swiss"]
[EventRounds "9"]
[EventCountry "USA"]
[SourceTitle "CBM 214 Extra"]
[Source "ChessBase"]
[SourceDate "2023.07.31"]
[SourceVersion "1"]
[SourceVersionDate "2023.07.31"]
[SourceQuality "1"]

1. d4 Nf6 2. c4 g6 3. Nc3 Bg7 4. e4 d6 5. Nf3 0-0 6. Be2 e5 7. d5 Nbd7 8. Be3 Ng4 9. Bg5 f6 10. Bd2 a5 11. h3 Nh6 12. h4 f5 13. h5 f4 14. hxg6 hxg6 15. Qc2 c6 16. 0-0-0 Nc5 17. b3 Bd7 18. Kb1 cxd5 19. cxd5 Rc8 20. Qb2 b5 21. b4 axb4 22. Qxb4 Ng4 23. Be1 Nf6 24. Ng5 Ne8 25. f3 Na6 26. Qb2 Nec7 27. Ka1 b4 28. Nb1 Nc5 29. Nh7 Rf7 30. Bh4 Qe8 31. Ng5 Rf8 32. Bf2 Nb5 33. Bxb5 Bxb5 34. Bxc5 dxc5 35. d6 Ba4 36. Qd2 Qc6 37. Rc1 Rfd8 38. Qe2 Bb5 39. Qc2 Qxd6 40. Rcd1 Bd3 41. Qf2 c4 42. Nd2 b3 43. Nb1 c3 44. Nxc3 Rxc3 45. Qb2 Ra8 46. Rxd3 Rxd3 0-1

[Event "Las Vegas 1000 GM op"]
[Site "Las Vegas"]
[Date "2023.06.09"]
[Round "2"]
[White "Stearman, Josiah P"]
[Black "Iinuma, Paul Y"]
[Result "1-0"]
[WhiteElo "2421"]
[BlackElo "2056"]
[PlyCount "53"]
[EventDate "2023.06.08"]
[EventType "swiss"]
[EventRounds "9"]
[EventCountry "USA"]
[SourceTitle "CBM 214 Extra"]
[Source "ChessBase"]
[SourceDate "2023.07.31"]
[SourceVersion "1"]
[SourceVersionDate "2023.07.31"]
[SourceQuality "1"]

1. c4 Nf6 2. Nc3 e5 3. Nf3 Nc6 4. e4 Bc5 5. Nxe5 Nxe5 6. d4 Bb4 7. dxe5 Nxe4 8. Qf3 Nxc3 9. bxc3 Ba5 10. Bf4 0-0 11. 0-0-0 Qe7 12. Kb2 Rb8 13. Qe3 b5 14. c5 b4 15. c4 b3 16. a3 f6 17. Bd3 Bb7 18. Qh3 g5 19. Qg3 Qxc5 20. Bxh7+ Kxh7 21. h4 Kg8 22. hxg5 fxe5 23. Rxd7 Rf7 24. Qh4 Re7 25. Qh8+ Kf7 26. Rh7+ Ke6 27. Rhxe7+ 1-0

[Event "Las Vegas 1000 GM op"]
[Site "Las Vegas"]
[Date "2023.06.08"]
[Round "1"]
[White "Iinuma, Paul Y"]
[Black "Kunka, Harshid"]
[Result "1-0"]
[WhiteElo "2056"]
[BlackElo "2347"]
[PlyCount "143"]
[EventDate "2023.06.08"]
[EventType "swiss"]
[EventRounds "9"]
[EventCountry "USA"]
[SourceTitle "CBM 214 Extra"]
[Source "ChessBase"]
[SourceDate "2023.07.31"]
[SourceVersion "1"]
[SourceVersionDate "2023.07.31"]
[SourceQuality "1"]

1. e4 c6 2. Nc3 d5 3. Nf3 g6 4. d4 Bg7 5. h3 Nf6 6. e5 Ne4 7. Bd3 Nxc3 8. bxc3 c5 9. dxc5 Nc6 10. Qe2 0-0 11. 0-0 Qa5 12. Bd2 Qxc5 13. Rab1 a6 14. a4 Na5 15. Rb4 Bd7 16. Rfb1 Qc7 17. Be3 Qc8 18. Bb6 Nc6 19. Rh4 Bf5 20. Re1 h6 21. a5 Bxd3 22. cxd3 Qf5 23. Ra4 Qd7 24. Raa1 e6 25. Bc5 Rfc8 26. Bb6 Ne7 27. Qd2 g5 28. h4 gxh4 29. Nxh4 Ng6 30. Nf3 Qc6 31. Bd4 Qc7 32. g3 Qe7 33. Kg2 Rc6 34. Rh1 Rac8 35. Rh5 Kf8 36. Rb1 Qc7 37. Rxh6 Bxh6 38. Qxh6+ Ke8 39. Ng5 Nf8 40. Qh8 Qe7 41. Nh7 R8c7 42. Be3 f5 43. Nf6+ Kd8 44. Bh6 Kc8 45. Bxf8 Qd8 46. Qg8 b5 47. axb6 Rb7 48. Rh1 Rbxb6 49. Rh8 Kb7 50. Nd7 Rb5 51. Rh7 Ka8 52. Qg7 Rb7 53. Bd6 Rc8 54. Qf7 f4 55. g4 a5 56. Qxe6 Qg8 57. Rf7 Re8 58. Qf5 Qh8 59. Rh7 Qg8 60. Nf6 Qe6 61. Qxe6 Rxe6 62. Rxb7 Kxb7 63. g5 a4 64. g6 Rxd6 65. exd6 a3 66. g7 a2 67. g8Q a1Q 68. Qxd5+ Ka7 69. d7 f3+ 70. Qxf3 Qa5 71. Nd5 Qd8 72. Qe3+ 1-0

[Event "Los Angeles 1000GM Spring op"]
[Site "Los Angeles"]
[Date "2023.03.19"]
[Round "4"]
[White "Gutla, Aryan"]
[Black "Iinuma, Paul Y"]
[Result "0-1"]
[WhiteElo "2385"]
[BlackElo "1977"]
[PlyCount "84"]
[EventDate "2023.03.17"]
[EventType "swiss"]
[EventRounds "9"]
[EventCountry "USA"]
[SourceTitle "CBM 213 Extra"]
[Source "ChessBase"]
[SourceDate "2023.05.31"]
[SourceVersion "1"]
[SourceVersionDate "2023.05.31"]
[SourceQuality "1"]

1. Nf3 Nf6 2. d4 d5 3. e3 Bf5 4. Bd3 Bxd3 5. Qxd3 c6 6. Nbd2 Nbd7 7. c4 e6 8. b3 Bd6 9. 0-0 0-0 10. e4 e5 11. cxd5 cxd5 12. Bb2 Re8 13. Rfe1 exd4 14. exd5 Nxd5 15. Nc4 Bf8 16. Qxd4 N7f6 17. Rxe8 Qxe8 18. Re1 Qc6 19. Rc1 Qa6 20. Nfd2 Re8 21. a4 b6 22. Ba3 Bxa3 23. Nxa3 Qe2 24. h3 Qe7 25. Nb5 h6 26. Nf3 Qd7 27. Ne5 Qf5 28. Nc4 Qg5 29. Rc2 Nf4 30. Ne3 Nxh3+ 31. Kf1 Nxf2 32. Rxf2 Rxe3 33. Qc4 Qh5 34. Kg1 Qd1+ 35. Rf1 Qxb3 36. Qc8+ Re8 37. Qc6 Qe3+ 38. Kh1 Re5 39. Qc8+ Kh7 40. g4 Qh3+ 41. Kg1 Qg3+ 42. Kh1 Re2 0-1

[Event "Titled Tuesday intern op 29th Nov Early"]
[Site "Chess.com INT"]
[Date "2022.11.29"]
[Round "9"]
[White "Fawzy, Adham"]
[Black "Iinuma, Paul Y"]
[Result "1-0"]
[WhiteElo "2483"]
[BlackElo "2006"]
[PlyCount "42"]
[EventDate "2022.11.29"]
[EventType "swiss (blitz)"]
[EventRounds "11"]
[EventCountry "USA"]
[SourceTitle "EXT 2024"]
[Source "ChessBase"]
[SourceDate "2023.10.10"]
[SourceVersion "1"]
[SourceVersionDate "2023.10.10"]
[SourceQuality "1"]

1. e4 c5 2. Nf3 e6 3. d4 cxd4 4. Nxd4 Nc6 5. Nc3 Qc7 6. Be2 a6 7. 0-0 Nf6 8. Be3 Bb4 9. f3 0-0 10. a3 Bxc3 11. bxc3 d5 12. Nxc6 bxc6 13. Bd3 e5 14. c4 dxe4 15. fxe4 Ng4 16. Bc5 Rd8 17. Qf3 Nf6 18. Rab1 Nd7 19. Qxf7+ Kh8 20. Bb6 Qd6 21. Bxd8 Nf6 1-0

[Event "Titled Tuesday intern op 29th Nov Late"]
[Site "Chess.com INT"]
[Date "2022.11.29"]
[Round "6"]
[White "Iinuma, Paul Y"]
[Black "Chlpik, Martin"]
[Result "0-1"]
[WhiteElo "2006"]
[BlackElo "2243"]
[PlyCount "106"]
[EventDate "2022.11.29"]
[EventType "swiss (blitz)"]
[EventRounds "11"]
[EventCountry "USA"]
[SourceTitle "EXT 2024"]
[Source "ChessBase"]
[SourceDate "2023.10.10"]
[SourceVersion "1"]
[SourceVersionDate "2023.10.10"]
[SourceQuality "1"]

1. e4 c5 2. Nf3 d6 3. d3 Nc6 4. Nbd2 g6 5. g3 Bg7 6. Bg2 Nf6 7. 0-0 0-0 8. Re1 Rb8 9. a4 a6 10. c3 b5 11. axb5 axb5 12. h3 b4 13. d4 bxc3 14. bxc3 cxd4 15. cxd4 d5 16. e5 Ne8 17. Ba3 Nc7 18. Nb3 Nb5 19. Bc5 Bf5 20. Ng5 Nc3 21. Qc1 Rxb3 22. g4 Be4 23. f3 Bd3 24. Re3 Bh6 25. f4 e6 26. Bxf8 Bxg5 27. fxg5 Kxf8 28. Kh1 Nb4 29. Rf3 Be4 30. Rxc3 Bxg2+ 31. Kxg2 Nd3 32. Qc2 Rb2 33. Qxb2 Nxb2 34. Rb3 Nc4 35. h4 Qc7 36. Rab1 Nd2 37. Rb8+ Kg7 38. R1b2 Qc3 39. R8b7 Qf3+ 40. Kg1 Ne4 41. Rg2 Qd1+ 42. Kh2 Qxd4 43. Rc7 Qxe5+ 44. Kh3 Qxc7 45. Rg1 Qc3+ 46. Kg2 Qd2+ 47. Kh1 Nf2+ 48. Kg2 Nxg4+ 49. Kg3 Qd4 50. Kh3 Ne5 51. h5 Qxg1 52. h6+ Kg8 53. Kh4 Qg4# 0-1

[Event "Titled Tuesday intern op 29th Nov Early"]
[Site "Chess.com INT"]
[Date "2022.11.29"]
[Round "4"]
[White "Iinuma, Paul Y"]
[Black "Postnikov, Daniil"]
[Result "0-1"]
[WhiteElo "2006"]
[BlackElo "2360"]
[PlyCount "88"]
[EventDate "2022.11.29"]
[EventType "swiss (blitz)"]
[EventRounds "11"]
[EventCountry "USA"]
[SourceTitle "EXT 2024"]
[Source "ChessBase"]
[SourceDate "2023.10.10"]
[SourceVersion "1"]
[SourceVersionDate "2023.10.10"]
[SourceQuality "1"]

1. d4 Nf6 2. g4 Nxg4 3. e4 d5 4. e5 g6 5. h3 Nh6 6. Nf3 Nf5 7. Bg5 Bg7 8. Bd3 0-0 9. Qd2 Re8 10. Qf4 c5 11. c3 Nc6 12. dxc5 Qc7 13. Bxf5 Bxf5 14. Bh6 Nxe5 15. Nxe5 Bxe5 16. Qe3 Rac8 17. Nd2 Bf6 18. b4 e5 19. Rd1 d4 20. Qf3 e4 21. Qg3 Be5 22. Qh4 dxc3 23. Nc4 c2 24. Rc1 Bc3+ 25. Kf1 e3 26. Nxe3 Bd3+ 27. Kg1 Bd2 28. Nd5 Bxc1 29. Nf6+ Kh8 30. Bxc1 h5 31. Qg5 Re1+ 32. Kg2 Qc6+ 33. f3 Re2+ 34. Kg3 Kg7 35. Nxh5+ Kf8 36. Bf4 Re6 37. Qh6+ Ke7 38. Bg5+ Kd7 39. Qg7 Qd5 40. Qxf7+ Kc6 41. h4 gxh5 42. Rh2 c1Q 43. Bxc1 Rg6+ 44. Bg5 Qxf7 0-1

[Event "Titled Tuesday intern op 29th Nov Late"]
[Site "Chess.com INT"]
[Date "2022.11.29"]
[Round "9"]
[White "Iinuma, Paul Y"]
[Black "Toniutti, Ezio"]
[Result "0-1"]
[WhiteElo "2006"]
[BlackElo "2238"]
[PlyCount "120"]
[EventDate "2022.11.29"]
[EventType "swiss (blitz)"]
[EventRounds "11"]
[EventCountry "USA"]
[SourceTitle "EXT 2024"]
[Source "ChessBase"]
[SourceDate "2023.10.10"]
[SourceVersion "1"]
[SourceVersionDate "2023.10.10"]
[SourceQuality "1"]

1. Nf3 d5 2. d4 Nf6 3. g3 Bf5 4. Bg2 e6 5. 0-0 Be7 6. c4 c6 7. Nbd2 0-0 8. b3 Nbd7 9. Bb2 h6 10. Re1 a5 11. Nh4 Bh7 12. e4 dxe4 13. Nxe4 a4 14. Nxf6+ Bxf6 15. Nf3 axb3 16. axb3 Qb6 17. Rxa8 Rxa8 18. Ne5 Nxe5 19. dxe5 Be7 20. Bd4 Qb4 21. Be3 Ra2 22. Re2 Rxe2 23. Qxe2 Qxb3 24. Bf1 Bb4 25. Qg4 Bf5 26. Qd4 Qb1 27. g4 Bg6 28. f3 Kh7 29. h4 h5 30. Kg2 Qa2+ 31. Kh3 Be1 32. Bg2 Qc2 33. Qf4 Bf2 34. Bd2 Qd3 35. Bb4 c5 36. Ba5 Be3 37. Qg3 Qe2 38. Be1 Bd4 39. f4 hxg4+ 40. Kh2 Bf5 41. Kh1 Be3 42. h5 Bxf4 43. Qxf4 Qxe1+ 44. Kh2 Qh4+ 45. Kg1 Qxh5 46. Bxb7 Qh3 47. Bg2 Qd3 48. Kh2 Qe2 49. Kg3 Kg6 50. Kh4 Qe1+ 51. Qg3 Qxg3+ 52. Kxg3 f6 53. Kf4 Kf7 54. Bc6 Bd3 55. exf6 gxf6 56. Kxg4 Bxc4 57. Kf4 Bd5 58. Ke3 Bxc6 59. Kd2 Bd5 60. Kc3 e5 0-1

[Event "Titled Tuesday intern op 29th Nov Late"]
[Site "Chess.com INT"]
[Date "2022.11.29"]
[Round "3"]
[White "Iinuma, Paul Y"]
[Black "Yanchenko, Roman"]
[Result "0-1"]
[WhiteElo "2006"]
[BlackElo "2467"]
[PlyCount "76"]
[EventDate "2022.11.29"]
[EventType "swiss (blitz)"]
[EventRounds "11"]
[EventCountry "USA"]
[SourceTitle "EXT 2024"]
[Source "ChessBase"]
[SourceDate "2023.10.10"]
[SourceVersion "1"]
[SourceVersionDate "2023.10.10"]
[SourceQuality "1"]

1. d4 d5 2. Nc3 Bf5 3. f3 e6 4. g4 Bg6 5. h4 h5 6. g5 Bd6 7. Kf2 Ne7 8. e3 a6 9. Bd3 Bxd3 10. Qxd3 c5 11. Nge2 Nbc6 12. a3 cxd4 13. exd4 Nf5 14. Nd1 Qb6 15. Kg2 Ncxd4 16. Nf4 g6 17. Re1 0-0 18. Kh3 Qc7 19. c3 Nb3 20. Rb1 Bxf4 21. Bxf4 Qxf4 22. Rg1 Qxh4+ 23. Kg2 Qxg5+ 24. Kf1 Nd2+ 25. Kf2 Qh4+ 26. Ke2 Nxb1 27. Qxb1 Qh2+ 28. Kf1 Ng3+ 29. Rxg3 Qxg3 30. Qd3 h4 31. Nf2 h3 32. Qd4 Qg2+ 33. Ke2 h2 34. Qh4 Rac8 35. Ke3 Rc4 36. Ng4 Rxg4 37. fxg4 h1Q 38. Qxh1 Qxh1 0-1

[Event "Titled Tuesday intern op 29th Nov Late"]
[Site "Chess.com INT"]
[Date "2022.11.29"]
[Round "7"]
[White "Liu, Kelsey"]
[Black "Iinuma, Paul Y"]
[Result "1/2-1/2"]
[WhiteElo "1942"]
[BlackElo "2006"]
[PlyCount "77"]
[EventDate "2022.11.29"]
[EventType "swiss (blitz)"]
[EventRounds "11"]
[EventCountry "USA"]
[SourceTitle "EXT 2024"]
[Source "ChessBase"]
[SourceDate "2023.10.10"]
[SourceVersion "1"]
[SourceVersionDate "2023.10.10"]
[SourceQuality "1"]

1. e4 c5 2. Nf3 e6 3. d3 Nc6 4. g3 d5 5. Nbd2 Bd6 6. Bg2 Nge7 7. 0-0 0-0 8. Re1 f6 9. Nf1 Qc7 10. h4 b6 11. N1h2 d4 12. h5 e5 13. h6 g6 14. Bd2 b5 15. g4 a5 16. c3 Be6 17. g5 f5 18. exf5 Bxf5 19. Qb3+ Kh8 20. Qxb5 Rab8 21. Qc4 Rxb2 22. cxd4 exd4 23. Bc1 Rb4 24. Qc2 Rbb8 25. Ba3 Nd5 26. Bxc5 Nf4 27. Rac1 Bxc5 28. Qxc5 Nxd3 29. Qxc6 Qxc6 30. Rxc6 Nxe1 31. Nxe1 Rb1 32. Nhf3 d3 33. Rd6 Be4 34. Kh2 Rd1 35. Rd4 Re8 36. Kg3 Kg8 37. Rd7 d2 38. Nxd2 Bxg2 39. Nxg2 1/2-1/2

[Event "Charlotte CCCSA Fall IM-F"]
[Site "Charlotte"]
[Date "2022.11.22"]
[Round "9"]
[White "Iinuma, Paul Y"]
[Black "Nagy, Gabor"]
[Result "0-1"]
[WhiteElo "2006"]
[BlackElo "2482"]
[PlyCount "82"]
[EventDate "2022.11.18"]
[EventType "tourn"]
[EventRounds "9"]
[EventCountry "USA"]
[SourceTitle "CBM 211 Extra"]
[Source "ChessBase"]
[SourceDate "2023.01.31"]
[SourceVersion "1"]
[SourceVersionDate "2023.01.31"]
[SourceQuality "1"]

1. d4 Nf6 2. c4 e6 3. Nc3 Bb4 4. Qc2 d6 5. a3 Bxc3+ 6. Qxc3 b6 7. Bg5 Bb7 8. e3 Nbd7 9. f3 Rc8 10. Qc2 c5 11. d5 exd5 12. cxd5 h6 13. Bh4 Qe7 14. e4 Bxd5 15. 0-0-0 Bc6 16. Qd2 Ba4 17. Re1 0-0 18. Ne2 Qe6 19. Nc3 Bb3 20. Ba6 Rcd8 21. f4 c4 22. Bxf6 Nxf6 23. Bb7 Qd7 24. Bd5 b5 25. g4 a5 26. g5 Nxd5 27. Nxd5 c3 28. Qd4 h5 29. Nxc3 Rb8 30. Re3 b4 31. axb4 axb4 32. Ne2 Qc8+ 33. Kd2 Qc2+ 34. Ke1 Qb1+ 35. Kf2 Qxh1 36. Rxb3 Qxh2+ 37. Ke1 Rbc8 38. Qxb4 Rc2 39. Re3 Rfc8 40. Kd1 h4 41. g6 Qh1+ 0-1

[Event "Charlotte CCCSA Fall IM-F"]
[Site "Charlotte"]
[Date "2022.11.18"]
[Round "1"]
[White "Zaloznyy, Mike"]
[Black "Iinuma, Paul Y"]
[Result "1-0"]
[WhiteElo "2226"]
[BlackElo "2006"]
[PlyCount "81"]
[EventDate "2022.11.18"]
[EventType "tourn"]
[EventRounds "9"]
[EventCountry "USA"]
[SourceTitle "CBM 211 Extra"]
[Source "ChessBase"]
[SourceDate "2023.01.31"]
[SourceVersion "1"]
[SourceVersionDate "2023.01.31"]
[SourceQuality "1"]

1. Nf3 d5 2. g3 Bg4 3. Ne5 Bf5 4. d4 c6 5. Nd2 Nf6 6. Bg2 e6 7. c4 Be7 8. Qb3 Qc8 9. Ndf3 h6 10. Bd2 a5 11. a4 Ne4 12. Rc1 0-0 13. 0-0 Nxd2 14. Nxd2 Bb4 15. Rfd1 Qd8 16. e4 dxe4 17. Nxe4 Nd7 18. c5 Bxe4 19. Bxe4 Nf6 20. Bc2 Qd5 21. Qd3 Rfd8 22. Qe3 Rab8 23. f3 Rdc8 24. Bb3 Qd8 25. Nxf7 Qf8 26. Qxe6 Re8 27. Nxh6+ Kh7 28. Qf5+ g6 29. Qf4 Qxh6 30. Qxf6 Qe3+ 31. Kg2 Rf8 32. Bf7 Qh6 33. d5 Rbe8 34. Rc2 Rd8 35. Re2 Bxc5 36. Re6 Qg7 37. Qh4+ Qh6 38. Bxg6+ Kg7 39. Qxh6+ Kxh6 40. dxc6 bxc6 41. Be8+ 1-0

[Event "Titled Tuesday intern op 28th Jun Early"]
[Site "Chess.com INT"]
[Date "2022.06.28"]
[Round "2"]
[White "Balint, Vilmos"]
[Black "Iinuma, Paul Y"]
[Result "1-0"]
[WhiteElo "2283"]
[BlackElo "2010"]
[PlyCount "55"]
[EventDate "2022.06.28"]
[EventType "swiss (blitz)"]
[EventRounds "11"]
[EventCountry "USA"]
[SourceTitle "CBM 209 Extra"]
[Source "ChessBase"]
[SourceDate "2022.09.30"]
[SourceVersion "1"]
[SourceVersionDate "2022.09.30"]
[SourceQuality "1"]

1. e4 e5 2. f4 d5 3. exd5 exf4 4. Nf3 Nf6 5. Bc4 Nxd5 6. 0-0 Be7 7. Nc3 Nb6 8. Bb3 0-0 9. d4 Bd6 10. Ne4 Nc6 11. c4 Be7 12. Bxf4 Bg4 13. d5 Na5 14. Qd3 Nxb3 15. axb3 Re8 16. Ne5 Bf5 17. Bg3 Bc5+ 18. Kh1 Bxe4 19. Qxe4 f6 20. Qf5 fxe5 21. Bxe5 Rf8 22. Qe6+ Kh8 23. Rxf8+ Bxf8 24. Rf1 Nd7 25. Bc3 Bd6 26. Rf7 Qe8 27. Bxg7+ Kg8 28. Re7+ 1-0

[Event "PNWCC-Bulgaria Hybrid 06"]
[Site "Chess.com INT"]
[Date "2022.06.18"]
[Round "?"]
[White "Iinuma, Paul Y"]
[Black "Stoynov, Ivan"]
[Result "1-0"]
[WhiteElo "2010"]
[BlackElo "2245"]
[PlyCount "81"]
[EventDate "2022.06.18"]
[EventType "team-match"]
[EventRounds "4"]
[EventCountry "USA"]
[SourceTitle "EXT 2024"]
[Source "ChessBase"]
[SourceDate "2023.10.10"]
[SourceVersion "1"]
[SourceVersionDate "2023.10.10"]
[SourceQuality "1"]
[WhiteTeam "PNWCC"]
[BlackTeam "Bulgaria"]
[WhiteTeamCountry "USA"]
[BlackTeamCountry "BUL"]

1. d4 Nf6 2. c4 g6 3. Nc3 Bg7 4. e4 d6 5. Nf3 0-0 6. Be2 e5 7. d5 a5 8. Bg5 h6 9. Be3 Na6 10. Nd2 Nc5 11. g4 Ne8 12. Rg1 Bd7 13. h4 a4 14. b4 axb3 15. axb3 c6 16. b4 Na6 17. dxc6 bxc6 18. Rb1 c5 19. bxc5 Nxc5 20. g5 h5 21. Bxc5 dxc5 22. Nd5 Bc6 23. Ra1 Bxd5 24. cxd5 Nd6 25. Rg3 f5 26. f3 fxe4 27. fxe4 Rf4 28. Rga3 Rxa3 29. Rxa3 Rxh4 30. Nf3 Rf4 31. Qa4 Nxe4 32. Qc6 Rxf3 33. Ra8 Qxa8 34. Qxa8+ Rf8 35. Qc6 Nxg5 36. Qxg6 Nf3+ 37. Kd1 Nd4 38. Bc4 Rf6 39. d6+ Kh8 40. Qe8+ Kh7 41. d7 1-0

[Event "Titled Tuesday intern op 17th May Early"]
[Site "Chess.com INT"]
[Date "2022.05.17"]
[Round "7"]
[White "Ansh, M Shah"]
[Black "Iinuma, Paul Y"]
[Result "1-0"]
[WhiteElo "2130"]
[BlackElo "2010"]
[PlyCount "83"]
[EventDate "2022.05.17"]
[EventType "swiss (blitz)"]
[EventRounds "11"]
[EventCountry "USA"]
[SourceTitle "CBM 208 Extra"]
[Source "ChessBase"]
[SourceDate "2022.07.31"]
[SourceVersion "1"]
[SourceVersionDate "2022.07.31"]
[SourceQuality "1"]

1. d4 d6 2. c4 e5 3. dxe5 dxe5 4. Qxd8+ Kxd8 5. Nc3 Be6 6. b3 c6 7. Bb2 Nd7 8. 0-0-0 Kc7 9. h3 Bc5 10. e3 f6 11. g4 h5 12. Bg2 hxg4 13. Ne4 Be7 14. hxg4 Rxh1 15. Bxh1 Bxg4 16. Nf3 Nh6 17. Rg1 g5 18. Nh2 Be6 19. f4 gxf4 20. exf4 exf4 21. Rf1 a5 22. Nf3 a4 23. Nd4 Bg4 24. Rxf4 f5 25. Ne6+ Kc8 26. Nf2 Bd6 27. Rd4 Be5 28. Rd3 axb3 29. axb3 Ra2 30. Rd2 Bxb2+ 31. Rxb2 Rxb2 32. Kxb2 Ne5 33. Kc3 Kd7 34. Nc5+ Kc7 35. Kd4 Nf3+ 36. Bxf3 Bxf3 37. Ke5 b6 38. Ne6+ Kb7 39. Nd4 Bg4 40. Kf4 c5 41. Nc2 Be2 42. Ne3 1-0